Relaciones culturales entre España y el mundo árabe (Record no. 136073)

MARC details
000 -LEADER
campo de control de longitud fija 00766nam a2200169 4500
001 - NÚMERO DE CONTROL
campo de control 136073
003 - IDENTIFICADOR DE NÚMERO DE CONTROL
campo de control ES-MaACL
005 - FECHA Y HORA DE LA ÚLTIMA TRANSACCIÓN
campo de control 20230906195029.0
007 - CAMPO FIJO DE DESCRIPCIÓN FÍSICA--INFORMACIÓN GENERAL
campo de control de longitud fija t|
008 - DATOS DE LONGITUD FIJA--INFORMACIÓN GENERAL
campo de control de longitud fija 070214s1960 sp r ||||1| spa d
100 1# - ENTRADA PRINCIPAL--NOMBRE DE PERSONA
Nombre de persona Ruiz Morales, José Miguel.
9 (RLIN) 100880
245 10 - MENCIÓN DEL TÍTULO
Título Relaciones culturales entre España y el mundo árabe
Resto del título : conferencia pronunciada en la inauguración del año académico, 11 noviembre 1959 /
Mención de responsabilidad, etc. por el Excmo.Sr. Don José Miguel Ruiz Morales.
260 ## - PUBLICACIÓN, DISTRIBUCIÓN, ETC.
Lugar de publicación, distribución, etc. Madrid :
Nombre del editor, distribuidor, etc. Instituto de Estudios Islámicos en Madrid, Departamento de Relaciones Culturales,
Fecha de publicación, distribución, etc. 1960.
300 ## - DESCRIPCIÓN FÍSICA
Extensión 48 p. ;
Dimensiones 26 cm.
710 2# - ENTRADA AGREGADA--NOMBRE DE ENTIDAD CORPORATIVA
Nombre de entidad corporativa o nombre de jurisdicción como elemento de entrada Instituto Egipcio de Estudios Islámicos (Madrid).
Unidad subordinada Departamento de Relaciones Culturales.
9 (RLIN) 5031
852 ## - LOCALIZACIÓN
Ubicación ES-MaACL
Número de control de estantería 2028-F-31
Sublocalización o colección R.47128
Holdings
Estatus retirado Estado de pérdida Estado de daño No para préstamo Colección Biblioteca de origen Biblioteca actual Ubicación en estantería Fecha de adquisición Fuente de adquisición Total de préstamos Signatura topográfica completa Código de barras Visto por última vez Precio de reemplazo Tipo de ítem Koha
        Colección de folletos Biblioteca del Ateneo de Madrid Biblioteca del Ateneo de Madrid Depósito folletos 17/01/2008     2028-F-31 1141620 23/02/2023 23/02/2023 Folleto